000 00660nam a2200277Ia 4500
005 20260324144520.0
008 008 260324s9999 xx 000 0 eng d
020 _a9781003341383
037 _aEBOOK
040 _aCRL
040 _beng
040 _cCRL
041 _2eng
041 _aeng
084 _qCRL
100 _aRichard D. Vine
_91219614
245 0 _aSoviet-East European Relations as a Problem for the West
260 _bTaylor and Francis
260 _c1987
365 _a
365 _b150
856 _uhttp://www.taylorfrancis.com/books/9781003341383
942 _cEBOOK
999 _c1826317
_d1826317